Sports Quiz

Random Sports or NFL Quiz

NFL Leaders (2012) Quiz Stats

 Plays Quiz Updated Feb 6, 2013

Also try: NFL Leaders (2011)
Challenge
Share
Tweet
Embed
Score 0/150 Timer 10:00
9 Plays Today
Statistic Player % Correct
Passing YardsDrew Brees
98.6%
Passing TDsDrew Brees
98.6%
Passing YardsPeyton Manning
98.4%
Passing TDsPeyton Manning
98.4%
Passing TDsEli Manning
98.2%
Passing YardsTom Brady
98.2%
Passing TDsTom Brady
98.2%
Passing YardsTony Romo
97%
Passing TDsTony Romo
97%
Passing YardsAaron Rodgers
97%
Passing TDsAaron Rodgers
97%
Rushing YardsAdrian Peterson
96%
Rushing TDsAdrian Peterson
96%
Passing YardsMatt Ryan
95.5%
Passing TDsMatt Ryan
95.5%
Punt Returning YardsPatrick Peterson
95%
InterceptionsPatrick Peterson
95%
Passing YardsAndrew Luck
94.9%
Receiving YardsCalvin Johnson
94.3%
Passing YardsMatthew Stafford
94.1%
Receiving YardsAndre Johnson
94.1%
Punt Returning TDsRandall Cobb
94.1%
Rushing YardsChris Johnson
94%
SacksChris Clemons
93.8%
SacksCharles Johnson
93.6%
Forced FumblesCharles Johnson
93.6%
Passing TDsPhillip Rivers
90.2%
Rushing YardsMarshawn Lynch
89.5%
Rushing TDsMarshawn Lynch
89.5%
Rushing YardsArian Foster
89.3%
Rushing TDsArian Foster
89.3%
Rushing YardsFrank Gore
87.3%
Receiving TDsJulio Jones
86.3%
Kick Returning YardsJacoby Jones
86.2%
Kick Returning TDsJacoby Jones
86.2%
Punt Returning YardsJacoby Jones
86.2%
Punt Returning TDsJacoby Jones
86.2%
Receiving TDsJames Jones
86.1%
Punt Returning TDsAdam Jones
85.9%
Passing YardsJosh Freeman
83.9%
Passing TDsJosh Freeman
83.9%
Receiving YardsA.J. Green
83.6%
Receiving TDsA.J. Green
83.6%
Total TacklesJerrell Freeman
83.3%
Receiving YardsWes Welker
83.1%
Receiving YardsBrandon Marshall
82.8%
Receiving TDsBrandon Marshall
82.8%
Rushing TDsRay Rice
82.4%
Receiving YardsDez Bryant
82.2%
Receiving TDsDez Bryant
82.2%
Statistic Player % Correct
Rushing YardsJamaal Charles
81.5%
Passing YardsCarson Palmer
81.1%
Receiving YardsRoddy White
80.9%
Passing TDsAndy Dalton
80.5%
Rushing YardsAlfred Morris
79.1%
Rushing TDsAlfred Morris
79.1%
Receiving YardsReggie Wayne
78.8%
Receiving YardsVincent Jackson
78.3%
Receiving YardsDemaryius Thomas
77.8%
Receiving TDsDemaryius Thomas
77.8%
SacksAldon Smith
74.6%
Rushing YardsDoug Martin
74.6%
Rushing TDsDoug Martin
74.6%
Kick Returning TDsBrad Smith
74.4%
Receiving TDsRob Gronkowski
74.1%
Receiving TDsVictor Cruz
72.8%
Rushing YardsC.J. Spiller
72.5%
SacksJ.J. Watt
72.3%
Rushing TDsMichael Turner
72%
Receiving TDsEric Decker
66.1%
Rushing YardsStevan Ridley
64.7%
Rushing TDsStevan Ridley
64.7%
Receiving TDsMarques Colston
63.5%
Kick Returning YardsDavid Wilson
61.6%
Kick Returning TDsDavid Wilson
61.6%
Rushing TDsTrent Richardson
60.2%
SacksVon Miller
53.7%
Forced FumblesVon Miller
53.7%
SacksJared Allen
51%
SacksClay Matthews
49.8%
Forced FumblesCharles Tillman
46.5%
SacksJulius Peppers
46.5%
Fumbles RecoveredJulius Peppers
46.5%
Fumbles RecoveredCarlos Rogers
40.4%
Total TacklesNaVorro Bowman
39.7%
Rushing TDsMikel Leshoure
37.9%
InterceptionsStevie Brown
37.4%
Punt Returning YardsDevin Hester
37.3%
InterceptionsTim Jennings
36.3%
InterceptionsRichard Sherman
35.3%
Kick Returning YardsJosh Cribbs
35.2%
Punt Returning YardsJosh Cribbs
35.2%
Kick Returning YardsRandall Cobb
35%
SacksCameron Wake
34.4%
Total TacklesLuke Kuechly
34.1%
Total TacklesJerod Mayo
31.1%
Kick Returning TDsLeon Washington
30.3%
Punt Returning YardsLeon Washington
30.3%
Total TacklesLondon Fletcher
26.9%
InterceptionsLondon Fletcher
26.9%
Statistic Player % Correct
Total TacklesChad Greenway
25.5%
Forced FumblesDeMarcus Ware
24.8%
Kick Returning TDsPercy Harvin
22.8%
Kick Returning TDsTrindon Holliday
22.5%
Punt Returning YardsTrindon Holliday
22.5%
Punt Returning TDsTrindon Holliday
22.5%
Kick Returning TDsDevin McCourty
22.5%
SacksGeno Atkins
20.7%
Fumbles RecoveredVince Wilfork
20.4%
Forced FumblesElvis Dumervil
20.2%
InterceptionsAsante Samuel
20%
Punt Returning YardsTed Ginn Jr.
18.8%
Fumbles RecoveredEd Reed
17.4%
Fumbles RecoveredYeremiah Bell
17.1%
InterceptionsDevin McCourty
15.8%
Punt Returning TDsJulian Edelman
15.6%
Punt Returning YardsDwayne Harris
15.4%
Forced FumblesJohn Abraham
12.6%
Kick Returning YardsJoe McKnight
12.2%
Total TacklesBobby Wagner
12.2%
Forced FumblesRob Ninkovich
11.2%
Fumbles RecoveredRob Ninkovich
11.2%
Total TacklesJames Laurinaitis
10.8%
InterceptionsJairus Byrd
10.7%
Punt Returning YardsLeodis McKelvin
10.3%
Punt Returning TDsLeodis McKelvin
10.3%
Forced FumblesBrandon Spikes
10.3%
Kick Returning YardsBrandon Tate
9.8%
Total TacklesLevonte David
9.2%
InterceptionsThomas DeCoud
8.6%
Total TacklesPaul Posluszny
7.9%
InterceptionsCasey Hayward
6.6%
Kick Returning YardsDarius Reynaud
6.2%
Kick Returning TDsDarius Reynaud
6.2%
Punt Returning YardsDarius Reynaud
6.2%
Punt Returning TDsDarius Reynaud
6.2%
Kick Returning YardsChris Rainey
5.2%
Fumbles RecoveredShaun Phillips
4.2%
Kick Returning YardsBrandon Boykin
3.5%
Kick Returning YardsMarcus Thigpen
3.2%
Kick Returning TDsMarcus Thigpen
3.2%
Punt Returning TDsMarcus Thigpen
3.2%
Forced FumblesChase Blackburn
3.2%
Punt Returning TDsMarcus Sherels
3%
Fumbles RecoveredQuentin Jammer
2.1%
Kick Returning TDsMichael Spurlock
1.8%
Punt Returning TDsMichael Spurlock
1.8%
Forced FumblesQuentin Mikell
1.3%
Fumbles RecoveredKelvin Hayden
1.2%
Fumbles RecoveredTim Dobbins
0.9%

You're not logged in!

Compare scores with friends on all Sporcle quizzes.
Join for Free
OR
Log In

You Might Also Like...

Show Comments

Extras

Top Quizzes Today


Score Distribution

Your Account Isn't Verified!

In order to create a playlist on Sporcle, you need to verify the email address you used during registration. Go to your Sporcle Settings to finish the process.

Report this User

Report this user for behavior that violates our Community Guidelines.

Details: